000
00235nam a2200097Ia 4500
001
1125801
005
20250827004805.0
008
250824s9999 xx 000 0 und d
245
0
_a
DEVLET ANA
_c
KEMAL TAHİR
260
_b
KETEBE YAYINLARI
999
_c
1125801
_d
1125801